000
00340 a2200169 4500
001
183928
020
_a
85-08-02831-8
040
_c
Magnum
100
_a
Vargas, Giselle
240
1
0
_a
Dia e noite
_l
por
245
1
0
_a
Dia e noite
300
_a
13
362
0
_a
2001
440
1
_a
Ática
697
_a
LITERATURA INFANTIL
942
_c
BK
999
_c
183928
_d
183928